Ako motivovať zamestnancov

Charakteristika motivácie. Ako dosiahnuť efektívnu motiváciu. Motivačný profil zamestnancov. Snaha nájsť optimálny motivačný prístup vzhľadom na aktuálne skutočnosti. Otázka typu úlohy a zložitosti úlohy. Dva základné typy motivovanosti zamestnancov.

Na minha lista:
Detalhes bibliográficos
Autor principal: Adamková, Hana, 1969-
Formato: Capítulo de Livro
Idioma:eslovaco
Assuntos:
Tags: Adicionar Tag
Sem tags, seja o primeiro a adicionar uma tag!

MARC

LEADER 00000naa$a2200000$$$4500
001 0014206
005 20240502071359.5
041 0 |a slo 
044 |a SK 
245 1 0 |a Ako motivovať zamestnancov  |c aut. Hana Adamková 
520 |a Charakteristika motivácie. Ako dosiahnuť efektívnu motiváciu. Motivačný profil zamestnancov. Snaha nájsť optimálny motivačný prístup vzhľadom na aktuálne skutočnosti. Otázka typu úlohy a zložitosti úlohy. Dva základné typy motivovanosti zamestnancov. 
610 2 0 |a motivácia 
610 2 0 |a zamestnanci 
610 2 0 |a výkony pracovné 
610 2 0 |a správanie 
100 1 |a Adamková, Hana, 1969-